000
003220000a22001450004500
001
005261
003
MACL
040
_a
MACL
090
_c
17254
_d
17253
245
_a
Tazkirah tul Waizeen
_b
Jaafar Molvi Mohd
260
_a
Taj Uddin Tajran Kutub Lahore
350
_a
1.00
650
_a
Urdu Literature
942
_k
891
_c
Book
999
_c
17143
_d
17143